000 00626nam a2200229 a 4500
005 20140310183413.0
008 070914s19uu xx 00 eng d
020 _a9780071254274
050 _aHD 58.6
_b.L487 2007
100 _aLewicki, Roy J.
245 _aEssentials of negotiation /
_cRoy J. Lewicki
250 _a4th ed.
260 _aU.S.A :
_bMcGraw-Hill, Inc,
_c2007.
300 _a294 p. :
_bill. ;
_c23 cm.
521 _aBSBA
650 _aNegotiation in business.
650 _aPersonnel management.
700 _aBarry, Bruce
700 _aSaunders, David M.
942 _cBK
_2lcc
_kFOR
999 _c22529
_d22529